[Event "Scarborough CC Spring Swiss"]
[Site "Toronto CAN"]
[Date "2009.05.28"]
[Round "5"]
[White "Morra, Lui"]
[Black "Bellomo, Joe"]
[Result "1-0"]
[WhiteElo "1582"]
[BlackElo "1742"]
[PlyCount "39"]
[GameId "2160767910157016"]
[EventDate "2009.04.30"]
[EventType "swiss"]
[EventRounds "8"]
[EventCountry "CAN"]
[SourceTitle "EXT 2011"]
[Source "ChessBase"]
[SourceDate "2011.11.26"]
[SourceVersion "1"]
[SourceVersionDate "2011.11.26"]
[SourceQuality "1"]

1. e4 c5 2. Nf3 d6 3. c3 Nf6 4. Qc2 Nc6 5. Be2 e6 6. d4 cxd4 7. cxd4 Bd7 8. Nc3 Rc8 9. Bg5 Be7 10. O-O O-O 11. Rad1 Qa5 12. a3 a6 13. d5 exd5 14. exd5 Ne5 15. Nxe5 dxe5 16. d6 Bd8 17. Qd3 Be6 18. Qg3 Rxc3 19. Qxc3 Ne4 20. Qxa5 1-0

[Event "Scarborough CC Spring Swiss"]
[Site "Toronto CAN"]
[Date "2009.05.28"]
[Round "5"]
[White "Moysoski, Randy"]
[Black "Yuan, Yuanling"]
[Result "0-1"]
[WhiteElo "1915"]
[BlackElo "2286"]
[PlyCount "40"]
[GameId "2160767910157017"]
[EventDate "2009.04.30"]
[EventType "swiss"]
[EventRounds "8"]
[EventCountry "CAN"]
[SourceTitle "EXT 2011"]
[Source "ChessBase"]
[SourceDate "2011.11.26"]
[SourceVersion "1"]
[SourceVersionDate "2011.11.26"]
[SourceQuality "1"]

1. e4 c5 2. Nc3 Nc6 3. f4 e6 4. Bc4 a6 5. a3 Nge7 6. Nf3 d5 7. Ba2 g6 8. O-O Bg7 9. d3 O-O 10. g4 f5 11. gxf5 gxf5 12. e5 b5 13. Ne2 Kh8 14. Be3 d4 15. Bf2 Rg8 16. Kh1 Bb7 17. Neg1 Nd5 18. Ng5 Nxe5 19. N1f3 Nxf4 20. Bg3 Qxg5 0-1

[Event "Scarborough CC Spring Swiss"]
[Site "Toronto CAN"]
[Date "2009.05.28"]
[Round "5"]
[White "Peng, Bill"]
[Black "Southam, David"]
[Result "1-0"]
[WhiteElo "2020"]
[BlackElo "2130"]
[PlyCount "86"]
[GameId "2160767910157018"]
[EventDate "2009.04.30"]
[EventType "swiss"]
[EventRounds "8"]
[EventCountry "CAN"]
[SourceTitle "EXT 2011"]
[Source "ChessBase"]
[SourceDate "2011.11.26"]
[SourceVersion "1"]
[SourceVersionDate "2011.11.26"]
[SourceQuality "1"]

1. e4 c5 2. Nc3 Nc6 3. g3 g6 4. Bg2 Bg7 5. d3 e6 6. Be3 Nd4 7. Qd2 Ne7 8. Nd1 d6 9. c3 Ndc6 10. Ne2 O-O 11. Bh6 d5 12. Bxg7 Kxg7 13. Qc2 e5 14. O-O f5 15. exd5 Nxd5 16. f4 Qd6 17. Bxd5 Qxd5 18. Ne3 Qd6 19. Nc4 Qf6 20. fxe5 Nxe5 21. Nf4 Nxc4 22. dxc4 Be6 23. Nd5 Qf7 24. Rad1 Rad8 25. Qe2 Rfe8 26. Qe5+ Kh6 27. Qe3+ Kg7 28. Qxc5 Bxd5 29. cxd5 Re2 30. Rf2 Rxf2 31. Kxf2 b6 32. Qd4+ Kg8 33. c4 Qc7 34. b4 f4 35. Kg2 fxg3 36. hxg3 Qe7 37. d6 Qe2+ 38. Kh3 Qh5+ 39. Qh4 Qxh4+ 40. Kxh4 Kf7 41. c5 bxc5 42. bxc5 Ke6 43. Kg5 Kd7 1-0

[Event "Scarborough CC Spring Swiss"]
[Site "Toronto CAN"]
[Date "2009.05.28"]
[Round "5"]
[White "Rutherdale, William"]
[Black "Kurkowski, Ken"]
[Result "0-1"]
[WhiteElo "1690"]
[BlackElo "1700"]
[PlyCount "92"]
[GameId "2160767910157019"]
[EventDate "2009.04.30"]
[EventType "swiss"]
[EventRounds "8"]
[EventCountry "CAN"]
[SourceTitle "EXT 2011"]
[Source "ChessBase"]
[SourceDate "2011.11.26"]
[SourceVersion "1"]
[SourceVersionDate "2011.11.26"]
[SourceQuality "1"]

1. d4 d5 2. c4 e6 3. Nc3 c5 4. cxd5 exd5 5. Nf3 Nc6 6. Bf4 a6 7. e3 Nf6 8. Be2 Be7 9. O-O O-O 10. Rc1 Bf5 11. dxc5 Bxc5 12. Bg5 d4 13. exd4 Nxd4 14. Nxd4 Bxd4 15. Bf3 Bxc3 16. Qxd8 Raxd8 17. Rxc3 Rd7 18. Bxf6 gxf6 19. Rfc1 Rfd8 20. g3 Rd2 21. Rb3 b5 22. h4 R8d3 23. Rxd3 Bxd3 24. Rd1 Rxd1+ 25. Bxd1 Kf8 26. Kg2 Ke7 27. Kf3 Kd6 28. Bb3 Bg6 29. Kf4 Kc5 30. Bd1 Bb1 31. a3 Bg6 32. Bf3 a5 33. Be4 Bxe4 34. Kxe4 Kc4 35. Kf5 Kb3 36. Kxf6 Kxb2 37. Kxf7 Kxa3 38. Kg7 b4 39. Kxh7 b3 40. h5 b2 41. h6 b1=Q+ 42. Kg7 Qb2+ 43. Kg8 Qxf2 44. h7 Qxg3+ 45. Kh8 Qe5+ 46. Kg8 Kb4 0-1

[Event "Scarborough CC Spring Swiss"]
[Site "Toronto CAN"]
[Date "2009.05.28"]
[Round "5"]
[White "Walker, John"]
[Black "Gillis, Doug"]
[Result "1/2-1/2"]
[WhiteElo "1326"]
[BlackElo "1726"]
[PlyCount "66"]
[GameId "2160767910157020"]
[EventDate "2009.04.30"]
[EventType "swiss"]
[EventRounds "8"]
[EventCountry "CAN"]
[SourceTitle "EXT 2011"]
[Source "ChessBase"]
[SourceDate "2011.11.26"]
[SourceVersion "1"]
[SourceVersionDate "2011.11.26"]
[SourceQuality "1"]

1. d4 e6 2. Nf3 Nf6 3. e3 d5 4. Bd3 c5 5. b3 Nbd7 6. Bb2 Be7 7. O-O O-O 8. Nbd2 cxd4 9. exd4 b6 10. Ne5 Bb7 11. f4 Rc8 12. Rf3 Ne4 13. Rh3 Ndf6 14. Ng4 Qc7 15. Nxf6+ Nxf6 16. Bxh7+ Nxh7 17. Qh5 f5 18. Qxh7+ Kf7 19. Qh5+ Kg8 20. Nf3 Bf6 21. Ng5 Bxg5 22. fxg5 Qf4 23. Rf1 Qd2 24. Rd1 Qf4 25. Bc1 Qg4 26. Qh7+ Kf7 27. Re1 Rxc2 28. g6+ Qxg6 29. Qxg6+ Kxg6 30. Rxe6+ Kf7 31. Ba3 Re8 32. Rxe8 Kxe8 33. Re3+ Kd8 1/2-1/2

[Event "Scarborough CC Spring Swiss"]
[Site "Toronto CAN"]
[Date "2009.05.28"]
[Round "5"]
[White "Wu, Aaron"]
[Black "Maister, Martin"]
[Result "1-0"]
[WhiteElo "1961"]
[BlackElo "1809"]
[PlyCount "41"]
[GameId "2160767910157021"]
[EventDate "2009.04.30"]
[EventType "swiss"]
[EventRounds "8"]
[EventCountry "CAN"]
[SourceTitle "EXT 2011"]
[Source "ChessBase"]
[SourceDate "2011.11.26"]
[SourceVersion "1"]
[SourceVersionDate "2011.11.26"]
[SourceQuality "1"]

1. e4 c5 2. Nf3 d6 3. d4 cxd4 4. Nxd4 Nf6 5. Nc3 a6 6. Bg5 e6 7. f4 Qc7 8. Bxf6 gxf6 9. Qh5 Nc6 10. O-O-O Nxd4 11. Rxd4 b5 12. Be2 d5 13. exd5 Bc5 14. Re4 f5 15. Qxf5 O-O 16. Qg5+ Kh8 17. Qf6+ Kg8 18. Re5 Re8 19. Bd3 Bd7 20. Bxh7+ Kf8 21. Bg6 1-0

[Event "Scarborough CC Spring Swiss"]
[Site "Toronto CAN"]
[Date "2009.06.04"]
[Round "6"]
[White "Hall, John2"]
[Black "Longo, Tyler"]
[Result "1-0"]
[WhiteElo "2204"]
[BlackElo "1972"]
[PlyCount "67"]
[GameId "2160767910157022"]
[EventDate "2009.04.30"]
[EventType "swiss"]
[EventRounds "8"]
[EventCountry "CAN"]
[SourceTitle "EXT 2011"]
[Source "ChessBase"]
[SourceDate "2011.11.26"]
[SourceVersion "1"]
[SourceVersionDate "2011.11.26"]
[SourceQuality "1"]

1. Nf3 Nf6 2. d4 d5 3. c4 dxc4 4. e3 e6 5. Bxc4 a6 6. O-O b5 7. Be2 c5 8. dxc5 Qxd1 9. Rxd1 Bxc5 10. a4 b4 11. Nbd2 Bb7 12. Nb3 Be7 13. Nfd4 O-O 14. Na5 Be4 15. f3 e5 16. fxe4 exd4 17. e5 Nfd7 18. exd4 Rc8 19. Bf3 Ra7 20. Bf4 Bd8 21. Nb3 a5 22. d5 Bb6+ 23. Kf1 Na6 24. Rac1 Rac7 25. Rxc7 Bxc7 26. Rc1 Re8 27. d6 Bb6 28. Bc6 Nab8 29. Bb5 g5 30. Bg3 Re6 31. Rc8+ Kg7 32. Bc4 Rg6 33. Re8 Nf8 34. Rxb8 1-0

[Event "Scarborough CC Spring Swiss"]
[Site "Toronto CAN"]
[Date "2009.06.04"]
[Round "6"]
[White "Kurkowski, Ken"]
[Black "Paterson, Jim"]
[Result "1/2-1/2"]
[WhiteElo "1690"]
[BlackElo "1800"]
[PlyCount "79"]
[GameId "2160767910157023"]
[EventDate "2009.04.30"]
[EventType "swiss"]
[EventRounds "8"]
[EventCountry "CAN"]
[SourceTitle "EXT 2011"]
[Source "ChessBase"]
[SourceDate "2011.11.26"]
[SourceVersion "1"]
[SourceVersionDate "2011.11.26"]
[SourceQuality "1"]

1. e4 c5 2. c3 d5 3. exd5 Qxd5 4. d4 cxd4 5. cxd4 Nc6 6. Nf3 Bg4 7. Be2 e6 8. Nc3 Bb4 9. O-O Qd8 10. Be3 Nf6 11. Rc1 O-O 12. a3 Bd6 13. Qb3 Na5 14. Qa2 a6 15. Rfd1 Qb8 16. h3 Bh5 17. d5 exd5 18. Nxd5 Nxd5 19. Qxd5 Bxf3 20. Bxf3 Bh2+ 21. Kf1 Nc6 22. Qf5 Qe5 23. Qxe5 Bxe5 24. Bxc6 bxc6 25. Bd4 Bxd4 26. Rxd4 Rab8 27. b4 Rb6 28. Rdc4 Rc8 29. a4 Kf8 30. a5 Rb5 31. Rxc6 Rcb8 32. Rc8+ Ke7 33. R1c7+ Ke6 34. Rxb8 Rxb8 35. Ra7 Rxb4 36. Rxa6+ Kd5 37. Ke2 Rb2+ 38. Ke3 Rb3+ 39. Ke2 Rb2+ 40. Ke3 1/2-1/2

[Event "Scarborough CC Spring Swiss"]
[Site "Toronto CAN"]
[Date "2009.06.04"]
[Round "6"]
[White "Sellars, Karl"]
[Black "Picana, Andrew"]
[Result "0-1"]
[WhiteElo "2236"]
[BlackElo "2079"]
[PlyCount "100"]
[GameId "2160767910157024"]
[EventDate "2009.04.30"]
[EventType "swiss"]
[EventRounds "8"]
[EventCountry "CAN"]
[SourceTitle "EXT 2011"]
[Source "ChessBase"]
[SourceDate "2011.11.26"]
[SourceVersion "1"]
[SourceVersionDate "2011.11.26"]
[SourceQuality "1"]

1. e4 e6 2. d4 d5 3. Nc3 Bb4 4. e5 c5 5. a3 Bxc3+ 6. bxc3 Ne7 7. a4 Nbc6 8. Nf3 Qa5 9. Qd2 c4 10. h4 Bd7 11. h5 h6 12. Nh4 Nf5 13. Nxf5 exf5 14. g3 Ne7 15. Bg2 Rc8 16. O-O g5 17. hxg6 fxg6 18. e6 Bxe6 19. Re1 Kd7 20. Ba3 Nc6 21. Rab1 Rc7 22. Qf4 Bf7 23. Bd6 Kc8 24. Bxc7 Qxc7 25. Qxc7+ Kxc7 26. f4 h5 27. Rb5 Rd8 28. Kh2 b6 29. Kh3 Rd6 30. Kh4 a6 31. Rbb1 Be6 32. Kg5 Bd7 33. Re2 Nd8 34. Re7 Ne6+ 35. Kh6 Kd8 36. Rh7 h4 37. gxh4 Nxf4 38. Bf3 Nh3 39. Rh8+ Kc7 40. Kg7 g5 41. h5 f4 42. h6 g4 43. Bxg4 Bxg4 44. h7 Ng5 45. Rg1 Nxh7 46. Rxg4 Nf6 47. Rxf4 Ne4 48. Rf7+ Rd7 49. Rh3 Rxf7+ 50. Kxf7 Ng5+ 0-1

[Event "Scarborough CC Spring Swiss"]
[Site "Toronto CAN"]
[Date "2009.06.04"]
[Round "6"]
[White "Verde, Pino"]
[Black "Armstrong, Robert J"]
[Result "0-1"]
[WhiteElo "1718"]
[BlackElo "1820"]
[PlyCount "68"]
[GameId "2160767910157025"]
[EventDate "2009.04.30"]
[EventType "swiss"]
[EventRounds "8"]
[EventCountry "CAN"]
[SourceTitle "EXT 2011"]
[Source "ChessBase"]
[SourceDate "2011.11.26"]
[SourceVersion "1"]
[SourceVersionDate "2011.11.26"]
[SourceQuality "1"]

1. b4 g6 2. Bb2 Nf6 3. e4 d6 4. Nc3 Bg7 5. Nd5 O-O 6. Nxf6+ exf6 7. f4 Re8 8. d3 f5 9. Bxg7 Kxg7 10. h4 fxe4 11. d4 Qf6 12. g3 h5 13. Bh3 Nc6 14. c3 Ne7 15. Ne2 Bxh3 16. Rxh3 c5 17. bxc5 dxc5 18. Qb3 cxd4 19. Nxd4 Nf5 20. Ne2 b6 21. Rd1 Rad8 22. Rxd8 Qxd8 23. g4 hxg4 24. Rh2 Nxh4 25. Kf2 Nf3 26. Rh1 e3+ 27. Kg3 f5 28. Nd4 Nxd4 29. cxd4 Qxd4 30. Rd1 Qf6 31. Rd7+ Re7 32. Rd8 Rf7 33. Qd1 e2 34. Qxe2 Qxd8 0-1

[Event "Scarborough CC Spring Swiss"]
[Site "Toronto CAN"]
[Date "2009.06.04"]
[Round "6"]
[White "Wu, Kevin"]
[Black "Wu, Aaron"]
[Result "1/2-1/2"]
[WhiteElo "1926"]
[BlackElo "1961"]
[PlyCount "75"]
[GameId "2160767910157026"]
[EventDate "2009.04.30"]
[EventType "swiss"]
[EventRounds "8"]
[EventCountry "CAN"]
[SourceTitle "EXT 2011"]
[Source "ChessBase"]
[SourceDate "2011.11.26"]
[SourceVersion "1"]
[SourceVersionDate "2011.11.26"]
[SourceQuality "1"]

1. e4 c5 2. Nf3 Nc6 3. d4 cxd4 4. Nxd4 Nf6 5. Nc3 e5 6. Nb3 Bb4 7. Bb5 d5 8. exd5 Nxd5 9. Bd2 Nxc3 10. Bxc3 Bxc3+ 11. bxc3 O-O 12. O-O Qg5 13. Kh1 Bf5 14. Qf3 Bg6 15. Nc5 Qe7 16. Qe3 f5 17. Bc4+ Bf7 18. Bxf7+ Rxf7 19. Nb3 Rd8 20. Rfd1 b6 21. Qe2 Qf6 22. Rxd8+ Qxd8 23. Rd1 Rd7 24. Rxd7 Qxd7 25. Qd3 Qe6 26. f3 h6 27. h4 e4 28. Qe3 Qc4 29. fxe4 Qxe4 30. Qxe4 fxe4 31. Kg1 Kf7 32. Kf2 Kf6 33. Ke3 Ke5 34. Nd2 Ne7 35. Nxe4 Nd5+ 36. Kf3 Nf4 37. g3 Ne6 38. Ke3 1/2-1/2

[Event "Scarborough CC Spring Swiss"]
[Site "Toronto CAN"]
[Date "2009.06.11"]
[Round "7"]
[White "Armstrong, Robert J"]
[Black "Casareno, Erwin"]
[Result "0-1"]
[WhiteElo "1820"]
[BlackElo "2244"]
[PlyCount "24"]
[GameId "2160767910157027"]
[EventDate "2009.04.30"]
[EventType "swiss"]
[EventRounds "8"]
[EventCountry "CAN"]
[SourceTitle "EXT 2011"]
[Source "ChessBase"]
[SourceDate "2011.11.26"]
[SourceVersion "1"]
[SourceVersionDate "2011.11.26"]
[SourceQuality "1"]

1. d4 d5 2. c4 c6 3. e3 Nf6 4. Nf3 e6 5. Bd3 Bd6 6. O-O Nbd7 7. Nc3 O-O 8. b3 Re8 9. Bb2 e5 10. dxe5 Nxe5 11. cxd5 Nxf3+ 12. Qxf3 Bg4 0-1

[Event "Scarborough CC Spring Swiss"]
[Site "Toronto CAN"]
[Date "2009.06.11"]
[Round "7"]
[White "Lawless, David"]
[Black "Wu, Kevin"]
[Result "1-0"]
[WhiteElo "2002"]
[BlackElo "1926"]
[PlyCount "77"]
[GameId "2160767910157028"]
[EventDate "2009.04.30"]
[EventType "swiss"]
[EventRounds "8"]
[EventCountry "CAN"]
[SourceTitle "EXT 2011"]
[Source "ChessBase"]
[SourceDate "2011.11.26"]
[SourceVersion "1"]
[SourceVersionDate "2011.11.26"]
[SourceQuality "1"]

1. d4 Nf6 2. c4 g6 3. Nc3 Bg7 4. Nf3 O-O 5. e4 d6 6. Be2 Nc6 7. O-O e5 8. d5 Ne7 9. b4 Nd7 10. a4 f5 11. Ng5 Nf6 12. c5 h6 13. Ne6 Bxe6 14. dxe6 fxe4 15. cxd6 cxd6 16. Ba3 Qc8 17. Qxd6 Qxc3 18. Qxe7 Qd2 19. Rae1 b6 20. Bc1 Qa2 21. Qd6 Rfe8 22. e7 Qf7 23. Qxe5 Rxe7 24. Qb5 Kh7 25. Rd1 Rd7 26. Rxd7 Nxd7 27. Rd1 Rc8 28. Be3 Ne5 29. a5 bxa5 30. bxa5 Rc7 31. a6 Qa2 32. h3 Rc2 33. Bf1 Nc6 34. Qb7 Qe6 35. Bb5 Na5 36. Qxa7 Qb3 37. Rd7 Qb1+ 38. Kh2 Qa1 39. Bd4 1-0

[Event "Scarborough CC Spring Swiss"]
[Site "Toronto CAN"]
[Date "2009.06.11"]
[Round "7"]
[White "Moran-Venegas, Mario"]
[Black "Jizan, Masoud"]
[Result "0-1"]
[WhiteElo "1780"]
[BlackElo "1630"]
[PlyCount "78"]
[GameId "2160767910157029"]
[EventDate "2009.04.30"]
[EventType "swiss"]
[EventRounds "8"]
[EventCountry "CAN"]
[SourceTitle "EXT 2011"]
[Source "ChessBase"]
[SourceDate "2011.11.26"]
[SourceVersion "1"]
[SourceVersionDate "2011.11.26"]
[SourceQuality "1"]

1. e4 c5 2. Nf3 Nc6 3. Bb5 a6 4. Bxc6 dxc6 5. O-O Bg4 6. d3 e6 7. h3 Bh5 8. Bf4 g5 9. Be5 f6 10. g4 Bg6 11. Bc3 h6 12. Nbd2 e5 13. Nc4 Bd6 14. Nh2 Bc7 15. Qf3 b5 16. Ne3 Qd7 17. a3 h5 18. b4 Bb6 19. Rfd1 O-O-O 20. bxc5 Bxc5 21. Ba5 Rf8 22. c4 hxg4 23. Nexg4 Bh5 24. cxb5 axb5 25. Rdc1 Bd4 26. Rab1 Ne7 27. Rxb5 Qa7 28. Bb4 Kd7 29. Bxe7 cxb5 30. Bxf8 Rxf8 31. Qf5+ Kd6 32. Nxf6 Qe7 33. Qxg5 Qxf6 34. Qxh5 Rg8+ 35. Kh1 Qf4 36. Rc2 Bxf2 37. Ng4 Qf3+ 38. Kh2 Qg3+ 39. Kh1 Qg1# 0-1

[Event "Scarborough CC Spring Swiss"]
[Site "Toronto CAN"]
[Date "2009.06.11"]
[Round "7"]
[White "Morra, Lui"]
[Black "Kim, Bill"]
[Result "0-1"]
[WhiteElo "1582"]
[BlackElo "1792"]
[PlyCount "76"]
[GameId "2160767910157030"]
[EventDate "2009.04.30"]
[EventType "swiss"]
[EventRounds "8"]
[EventCountry "CAN"]

1. e4 c6 2. d4 d5 3. Nc3 dxe4 4. Nxe4 Bf5 5. Ng3 Bg6 6. Nf3 Nd7 7. Bc4 e6 8. Bf4 Qa5+ 9. c3 Ngf6 10. Qe2 Be7 11. O-O O-O 12. Nh4 Nd5 13. Nxg6 hxg6 14. Bd2 Qc7 15. Ne4 b5 16. Bb3 Rab8 17. f4 a5 18. Qg4 N7f6 19. Nxf6+ Nxf6 20. Qe2 c5 21. a4 bxa4 22. Bxa4 Rxb2 23. Qd3 c4 24. Qe2 Nd5 25. Rac1 Bd6 26. Bc2 Nxf4 27. Qe4 Nd5 28. Rf3 Qe7 29. Rh3 a4 30. Qg4 Nf6 31. Qh4 Nh5 32. Bg5 Qb7 33. Be4 Qc7 34. g4 Bxh2+ 35. Kh1 f6 36. gxh5 fxg5 37. Qxg5 Qf4 38. Qxf4 Bxf4 0-1

[Event "Scarborough CC Spring Swiss"]
[Site "Toronto CAN"]
[Date "2009.06.11"]
[Round "7"]
[White "Perez, Michael"]
[Black "Krupka, David"]
[Result "0-1"]
[WhiteElo "1806"]
[BlackElo "2216"]
[PlyCount "49"]
[GameId "2160767910157032"]
[EventDate "2009.04.30"]
[EventType "swiss"]
[EventRounds "8"]
[EventCountry "CAN"]
[SourceTitle "EXT 2011"]
[Source "ChessBase"]
[SourceDate "2011.11.26"]
[SourceVersion "1"]
[SourceVersionDate "2011.11.26"]
[SourceQuality "1"]

1. e4 c6 2. Nf3 d5 3. Nc3 dxe4 4. Nxe4 Nf6 5. Nxf6+ exf6 6. d4 Bd6 7. h3 O-O 8. Bd3 Re8+ 9. Be3 Qb6 10. Qc1 Qa5+ 11. c3 Nd7 12. O-O Nf8 13. b4 Qh5 14. Bf4 Bxf4 15. Qxf4 Ng6 16. Qh2 Be6 17. c4 Qh6 18. Bxg6 Qxg6 19. Rac1 Qd3 20. Rfd1 Qa3 21. d5 cxd5 22. cxd5 Bxd5 23. Qc7 Bxf3 24. gxf3 Qxf3 25. Rd8 0-1

[Event "Scarborough CC Spring Swiss"]
[Site "Toronto CAN"]
[Date "2009.06.11"]
[Round "7"]
[White "Ward, Dean"]
[Black "Verde, Pino"]
[Result "1-0"]
[WhiteElo "1750"]
[BlackElo "1718"]
[PlyCount "139"]
[GameId "2160767910157033"]
[EventDate "2009.04.30"]
[EventType "swiss"]
[EventRounds "8"]
[EventCountry "CAN"]
[SourceTitle "EXT 2011"]
[Source "ChessBase"]
[SourceDate "2011.11.26"]
[SourceVersion "1"]
[SourceVersionDate "2011.11.26"]
[SourceQuality "1"]

1. c4 e5 2. a3 d6 3. g3 c6 4. Bg2 Na6 5. Nc3 Nc7 6. Nf3 Nf6 7. d3 h6 8. O-O Be7 9. Qc2 Be6 10. b4 Qc8 11. Bb2 Bh3 12. e3 Bxg2 13. Kxg2 Ne6 14. d4 Ng5 15. Ng1 e4 16. h4 Nf3 17. Nxf3 exf3+ 18. Kxf3 Qg4+ 19. Kg2 Nh5 20. Qe4 Qd7 21. d5 Nf6 22. dxc6 bxc6 23. Qf3 g5 24. Ne4 Nxe4 25. Qxe4 f5 26. Qf3 g4 27. Qe2 Rg8 28. Rad1 Qe6 29. Qd3 O-O-O 30. Kg1 d5 31. cxd5 Rxd5 32. Qa6+ Kb8 33. Rxd5 Qxd5 34. Bd4 Qd7 35. Rc1 Rc8 36. b5 c5 37. Be5+ Ka8 38. b6 Rc6 39. Rb1 Qb7 40. Qa4 Bd8 41. Qc2 Rxb6 42. Rxb6 axb6 43. Qxf5 Bc7 44. Bxc7 Qxc7 45. Qxg4 c4 46. Qe4+ Ka7 47. a4 c3 48. Qc2 Qc6 49. Kf1 Qc4+ 50. Ke1 Kb7 51. e4 Kc7 52. f4 Qd4 53. Ke2 Qc4+ 54. Ke3 h5 55. f5 Kc6 56. Kf4 Kd6 57. Kg5 Qg8+ 58. Kxh5 Qh7+ 59. Kg4 Qg7+ 60. Kf3 Qd4 61. Ke2 Ke5 62. Qd3 Qxa4 63. Qxc3+ Kxe4 64. Qf3+ Ke5 65. Qf4+ Qxf4 66. gxf4+ Kxf5 67. h5 Kf6 68. Kd3 Kg7 69. f5 Kg8 70. Kc4 1-0

[Event "Scarborough CC Spring Swiss"]
[Site "Toronto CAN"]
[Date "2009.06.11"]
[Round "7"]
[White "Wilker, Marcus"]
[Black "Kurkowski, Ken"]
[Result "1-0"]
[WhiteElo "1780"]
[BlackElo "1690"]
[PlyCount "64"]
[GameId "2160767910157034"]
[EventDate "2009.04.30"]
[EventType "swiss"]
[EventRounds "8"]
[EventCountry "CAN"]
[SourceTitle "EXT 2011"]
[Source "ChessBase"]
[SourceDate "2011.11.26"]
[SourceVersion "1"]
[SourceVersionDate "2011.11.26"]
[SourceQuality "1"]

1. d4 d5 2. c4 e6 3. Nc3 c5 4. cxd5 exd5 5. Nf3 Nc6 6. e3 Nf6 7. Bb5 a6 8. Ba4 b5 9. Bc2 Be7 10. Ne5 Bb7 11. Nxc6 Bxc6 12. dxc5 Bxc5 13. Ne2 O-O 14. Nd4 Bb7 15. b3 Ne4 16. O-O Re8 17. Bb2 Qd7 18. Qh5 g6 19. Qd1 Qe7 20. a3 Rac8 21. b4 Bb6 22. Bb3 Nc3 23. Bxc3 Rxc3 24. Ne2 Rxe3 25. fxe3 Qxe3+ 26. Kh1 Qxe2 27. Bxd5 Bxd5 28. Qxd5 Rd8 29. Qxf7+ Kh8 30. Qf6+ Kg8 31. Qxb6 Rd2 32. Qb8+ Kg7 1-0

[Event "Scarborough CC Spring Swiss"]
[Site "Toronto CAN"]
[Date "2009.06.18"]
[Round "8"]
[White "Casareno, Erwin"]
[Black "Southam, David"]
[Result "1-0"]
[WhiteElo "2244"]
[BlackElo "2130"]
[PlyCount "112"]
[GameId "2160767910157035"]
[EventDate "2009.04.30"]
[EventType "swiss"]
[EventRounds "8"]
[EventCountry "CAN"]
[SourceTitle "EXT 2011"]
[Source "ChessBase"]
[SourceDate "2011.11.26"]
[SourceVersion "1"]
[SourceVersionDate "2011.11.26"]
[SourceQuality "1"]

1. e4 c5 2. Nf3 e6 3. Nc3 a6 4. d4 cxd4 5. Nxd4 Nc6 6. Be3 Nge7 7. Be2 Nxd4 8. Qxd4 b5 9. O-O Nc6 10. Qd2 Qc7 11. Bf4 Ne5 12. Rfd1 Be7 13. Nd5 exd5 14. Qxd5 Bb7 15. Qxe5 Qxe5 16. Bxe5 Bxe4 17. c4 Bc6 18. Rac1 f6 19. Bd6 Bxd6 20. Rxd6 Ke7 21. c5 Kd8 22. Rcd1 Kc7 23. Bg4 Rad8 24. b4 Rhe8 25. h4 Re4 26. Bf3 Ree8 27. a3 Bxf3 28. gxf3 Re6 29. Kg2 Rxd6 30. Rxd6 Ra8 31. Rb6 Ra7 32. h5 Ra8 33. f4 Kd8 34. h6 gxh6 35. Rxf6 Kc7 36. Rxh6 a5 37. f5 axb4 38. axb4 Rf8 39. Rxh7 Rxf5 40. Rh4 Kc6 41. Rd4 Rg5+ 42. Kf3 Rf5+ 43. Ke3 Re5+ 44. Kd3 Rf5 45. f4 Rf6 46. Ke4 Re6+ 47. Kf5 Re8 48. Rd6+ Kc7 49. Rd4 Rf8+ 50. Kg6 Rg8+ 51. Kf7 Rg4 52. Kf6 Rh4 53. Kg5 Rh1 54. f5 Rg1+ 55. Rg4 Rf1 56. f6 Kd8 1-0

[Event "Scarborough CC Spring Swiss"]
[Site "Toronto CAN"]
[Date "2009.06.18"]
[Round "8"]
[White "Moran-Venegas, Mario"]
[Black "Rutherdale, William"]
[Result "1/2-1/2"]
[WhiteElo "1756"]
[BlackElo "1770"]
[PlyCount "95"]
[GameId "2160767910157036"]
[EventDate "2009.04.30"]
[EventType "swiss"]
[EventRounds "8"]
[EventCountry "CAN"]
[SourceTitle "EXT 2011"]
[Source "ChessBase"]
[SourceDate "2011.11.26"]
[SourceVersion "1"]
[SourceVersionDate "2011.11.26"]
[SourceQuality "1"]

1. e4 e5 2. Nf3 Nc6 3. Bb5 Nf6 4. O-O Nxe4 5. Re1 Nf6 6. Nxe5 Be7 7. Qe2 Nd4 8. Qc4 Ne6 9. Qb3 O-O 10. Nf3 c6 11. Bd3 d5 12. c3 Nc5 13. Qc2 Nxd3 14. Qxd3 h6 15. Qc2 Be6 16. d4 Qc7 17. Nbd2 Rfe8 18. Ne5 c5 19. Ndf3 a6 20. Be3 Rac8 21. dxc5 Bxc5 22. Bd4 b5 23. Rad1 Qb6 24. Bxc5 Qxc5 25. Nd4 b4 26. Nxe6 Rxe6 27. Qd3 bxc3 28. bxc3 Qxc3 29. Qf5 Rce8 30. Qf3 Qxf3 31. Nxf3 Rxe1+ 32. Nxe1 Re2 33. a4 Ra2 34. Rd4 Kf8 35. f3 Ke7 36. Nd3 Kd6 37. Rb4 Nd7 38. Rd4 Rd2 39. Kf1 Nc5 40. Rf4 Rxd3 41. Rxf7 Ne6 42. Ra7 Nc7 43. Rb7 Rd4 44. Rb6+ Kc5 45. Rg6 Ne8 46. Rxa6 Kc4 47. Ke2 Kb4 48. Ra8 1/2-1/2

[Event "Scarborough CC Spring Swiss"]
[Site "Toronto CAN"]
[Date "2009.06.18"]
[Round "8"]
[White "Picana, Andrew"]
[Black "Sherman, Joshua"]
[Result "0-1"]
[WhiteElo "2079"]
[BlackElo "1895"]
[PlyCount "60"]
[GameId "2160767910157037"]
[EventDate "2009.04.30"]
[EventType "swiss"]
[EventRounds "8"]
[EventCountry "CAN"]
[SourceTitle "EXT 2011"]
[Source "ChessBase"]
[SourceDate "2011.11.26"]
[SourceVersion "1"]
[SourceVersionDate "2011.11.26"]
[SourceQuality "1"]

1. e4 e5 2. Nf3 d6 3. c3 f5 4. Bb5+ c6 5. Bd3 Nf6 6. Qc2 fxe4 7. Bxe4 d5 8. Bf5 e4 9. Nd4 Bxf5 10. Nxf5 Qd7 11. Ne3 Bd6 12. d4 O-O 13. O-O Ng4 14. h3 Nh2 15. Rd1 Nf3+ 16. Kh1 Ng5 17. Ng4 Nxh3 18. gxh3 h5 19. Bg5 Rf3 20. Kg2 hxg4 21. h4 g3 22. fxg3 Rxg3+ 23. Kf1 Qf5+ 24. Qf2 Rf3 25. Rd2 Qh3+ 26. Kg1 Bh2+ 27. Kh1 Bg3+ 28. Kg1 Bxf2+ 29. Rxf2 Rg3+ 30. Rg2 Qxg2# 0-1